| 000 | 00576nam a2200193 a 4500 | ||
|---|---|---|---|
| 005 | 20210219160257.0 | ||
| 008 | 081006s2000 mx r 000 0 spa d | ||
| 035 | _aUPN01000162197 | ||
| 049 | _aUNE | ||
| 080 | _a321.011 (83) LEC. | ||
| 100 | 1 | _aLechner, Norbert. | |
| 245 | 1 | 3 | _aEl Futuro del estado: ¿un estado con futuro?/ por Norbert Lechner. |
| 260 | _aSantiago de Chile : FLACSO. | ||
| 300 | _a15 p. ; | ||
| 690 | _aEstado- Chile | ||
| 690 | _aSistemas politicos- Chile | ||
| 710 | 2 | _aFLACSO. Facultad Latinoamericana de Ciencias Sociales. | |
| 905 | _aUNESCO | ||
| 999 |
_c134310 _d134310 |
||